| 000 | 01833nam a22002537a 4500 | ||
|---|---|---|---|
| 003 | Uzh_bibl | ||
| 008 | 260416b |||||||| |||| 00| 0 ukr d | ||
| 020 |
_a- _c9.00 |
||
| 040 | _bукр. | ||
| 041 |
_2ukr _aukr |
||
| 080 | _a821(477.87) | ||
| 090 |
_a821(477.87) _bЛ15 |
||
| 100 | _aЛадижець, Володимир | ||
| 245 |
_aКриниця _cХудож.Н.С.Пономаренко _hТекст |
||
| 260 |
_aУжгород _b"Карпати" _c1987 |
||
| 300 |
_a93 с. _bіл. _fВ опр. |
||
| 520 | _aДо книжки ввійшли кращі дитячі вірші автора лауреата республіканської премії ім.Лесі Українки. Маленькі герої його творів- не споглядачі, а завжди праці дорослих її активні учасники вони копають грядки, вирощують овочі і квіти, допомагають старшим працювати на тракторі, розчищають снігові замети на дорогах, ремонтують одяг - усього не перелічиш. Усі вони відкриваючи світ осягаючи його первозданність, вчаться любові до отчої землі - до Батьківщини. | ||
| 521 | _aДля дошкільного та молодшого шкільного віку | ||
| 546 | _aукр. | ||
| 650 |
_aКраєзнавча література _xЛітературно-художнє видання |
||
| 653 |
_aПро хлопчика прокопчика _aХудожниця _aРукавички |
||
| 655 |
_aХудожня література _vВірші _vНебелиці _vПригоди _vКазочки і казки |
||
| 942 |
_2udc _cBK |
||
| 999 |
_c17365 _d17365 |
||